000 00535nam a22001457a 4500
008 250131b |||||||| |||| 00| 0 eng d
020 _a9780199768639
050 _aR853
_b .H9O98
245 _aThe Oxford textbook of clinical research ethics /
_cEdited by Ezekiel J. Emanuel, Christine Grady, Robert A. Crouch, Reidar K. Lie, Franklin G. Miller & David Wendler
260 _aNew York
_bOxford University Press
_c2008
300 _axx, 827p.
650 _aMedical ethics
650 _aHuman experimentation
_vEthics
942 _2lcc
_cBK
999 _c20583
_d20582